00525nam a22001457a 4500008004100000020001500041050003000056245015500086260003300241300001500274650003300289700001900322700001800341700002000359170307b xxu||||| |||| 00| 0 eng d a9966769927 aREF JQ1875b.A37 2015 C.1 aAfrican Institute for leaders and leadership year book volume oneblessons from africa's pastcedited by Korwa G. Adar, Plo Lumumba and Pamela N.Inoti aNairobibMwvule Africac2015 axi, 236 p. aPolitical leadershipzAfrica aAdar, Korwa G. aLumumba, Plo. aInoti,Pamela N.